| 000 | 00670cab a2200229 4500 | ||
|---|---|---|---|
| 001 | X2350 | ||
| 008 | 090401t1995 xxu||||| |||| 00| 0 eng d | ||
| 035 | _a(Sirsi) u23552 | ||
| 041 | _aeng | ||
| 100 | _aSmalley, P. | ||
| 245 | _aFarm business tenancies : be prepared | ||
| 260 | _c1995 | ||
| 350 | _a0 | ||
| 490 |
_aCSM (Chartered Surveyor Monthly) _v4(7) May 1995, 47(1) |
||
| 650 | _aAGRICULTURAL TENANCIES ACT | ||
| 650 | _aPROPERTY-LANDLORD AND TENANT-TENANCIES-AGRICULTURAL TENANCIES | ||
| 650 | _aFARM BUSINESS TENANCIES | ||
| 650 | _aRICS GUIDANCE NOTES | ||
| 690 | _aLANDLORD AND TENANT-AGRICULTURAL TENANCIES | ||
| 942 | _n0 | ||
| 948 | _c04/03/1997 | ||
| 999 |
_c15744 _d15744 |
||